Piazzamenti della Serbia agli Europei - Statistics

Statistiche generali
  • Questo quiz è stato fatto 5 volte
  • Il punteggio medio è 3 su 6
Statistiche sulle risposte
Hint Risposta % Corretto
2024 Fase a gironi
80%
1984 Fase a gironi
60%
2000 Quarti di finale
60%
1976 Quarto posto
60%
1960 Secondo posto
60%
1968 Secondo posto
20%
Nessun quiz corrispondente trovato
Distribuzione punteggi
Percentuale di utenti per punteggio
Percentile per numero di risposta
I tuoi punteggi nel tempo
Non hai fatto questo quiz